000 00721nam a22001815i 4500
001 163716
003 ES-MaACL
005 20251012063056.0
008 981002s1865 sp |||| | spa d
040 _aCLM
_bspa
_cCCPB | 3D
100 1 _aRodríguez, Eduardo,
_d1815-1881
_9175901
245 1 0 _aEstudio de los objetos que en la Exposición de Londres del año 1862 tenían relación con las aplicaciones de las ciencias físicas /
_cpor Eduardo Rodriguez.
260 _aMadrid :
_bImprenta Nacional,
_c1865.
300 _a206 p. ;
_c23 cm.
650 7 _aFísica
_2embne
_912877
852 _aES-MaACL
_jT-675-F-3
_z-- Enc. hol. conservando la original
_z-- Enc. en un vol. facticio
999 _c163716
_d163716